[Event "ch-RUS Blitz 2016"]
[Site "Sochi RUS"]
[Date "2016.10.04"]
[Round "6.1"]
[White "Shaposhnikov, Evgeny"]
[Black "Ponkratov, Pavel"]
[Result "0-1"]
[WhiteTitle "GM"]
[BlackTitle "GM"]
[WhiteElo "2557"]
[BlackElo "2589"]
[WhiteFideId "4122232"]
[BlackFideId "4157800"]
[EventDate "2016.10.04"]

1. Nf3 c5 2. c4 Nf6 3. Nc3 Nc6 4. g3 d5 5. d4 dxc4 6. d5 Nb4 7. e4 Nd3+ 8. Bxd3
cxd3 9. Qxd3 e6 10. O-O exd5 11. exd5 Bd6 12. Re1+ Kf8 13. Bg5 h6 14. Bxf6 Qxf6
15. Ne4 Bf5 16. Qb3 Bxe4 17. Rxe4 b6 18. Rae1 g6 19. Ne5 Bxe5 20. Rxe5 Kg7 21.
R1e4 Rhf8 22. Qe3 Rad8 23. Rf4 Qd6 24. Rh4 g5 25. Ra4 Rd7 26. h4 f6 27. Rf5 Re7
28. Qf3 Rff7 29. Rg4 b5 30. b3 a6 31. hxg5 fxg5 32. Re4 Rxf5 33. Rxe7+ Kf6 34.
Rf7+ Kxf7 35. Qxf5+ Ke7 36. Qh7+ Kd8 37. Qe4 Kc7 38. Kg2 Qf6 39. Qe8 Qd6 40.
Qf7+ Kb6 41. Kf3 c4 42. b4 c3 43. Ke3 Qxb4 44. Qe6+ Ka5 45. Qc6 Qb2 46. Kd3 Qd2+
47. Ke4 c2 48. Qc7+ Ka4 49. Qc6 a5 50. d6 c1=Q 51. Qb6 Qc4+ 52. Ke5 Qdd5+ 53.
Kf6 Qe6+ 0-1

[Event "ch-RUS Blitz 2016"]
[Site "Sochi RUS"]
[Date "2016.10.04"]
[Round "6.2"]
[White "Gabrielian, Artur"]
[Black "Morozevich, Alexander"]
[Result "0-1"]
[WhiteTitle "GM"]
[BlackTitle "GM"]
[WhiteElo "2524"]
[BlackElo "2683"]
[WhiteFideId "4131002"]
[BlackFideId "4116992"]
[EventDate "2016.10.04"]

1. e4 e6 2. d4 d5 3. Nc3 Nf6 4. e5 Nfd7 5. Nce2 c5 6. c3 Nc6 7. f4 Be7 8. Nf3
O-O 9. Ng3 f5 10. Be2 a5 11. O-O a4 12. Kh1 b6 13. Be3 Ba6 14. Rg1 Rf7 15. Bxa6
Rxa6 16. Ne2 Nf8 17. g4 Ra7 18. Qc2 Qd7 19. Rg2 Na5 20. Rag1 Bd8 21. h3 Nc4 22.
Bc1 Qc8 23. Ng3 b5 24. b3 axb3 25. axb3 Na3 26. Qe2 b4 27. cxb4 cxb4 28. Bd2
Rab7 29. gxf5 exf5 30. e6 Qxe6 31. Ne5 Rfc7 32. Qd3 Nb5 33. Nxf5 Nc3 34. Ne3 Ne4
35. Be1 Nd6 36. f5 Qh6 37. N3g4 Qh5 38. f6 Ne4 39. Qf3 Ng5 40. Qxd5+ Nfe6 41.
Nf2 Bxf6 42. Neg4 Kh8 43. Nxf6 gxf6 44. Qf5 Qg6 45. Qxg6 hxg6 46. d5 Nf4 47. Rg4
Nxd5 48. h4 Nf3 49. Rf1 Ne3 0-1

[Event "ch-RUS Blitz 2016"]
[Site "Sochi RUS"]
[Date "2016.10.04"]
[Round "6.3"]
[White "Chigaev, Maksim"]
[Black "Khismatullin, Denis"]
[Result "1/2-1/2"]
[WhiteTitle "IM"]
[BlackTitle "GM"]
[WhiteElo "2551"]
[BlackElo "2617"]
[WhiteFideId "4108116"]
[BlackFideId "4142578"]
[EventDate "2016.10.04"]

1. e4 c5 2. Nf3 d6 3. d4 cxd4 4. Nxd4 Nf6 5. Nc3 a6 6. h3 e5 7. Nde2 h5 8. g3
Be7 9. Bg2 b5 10. Nd5 Nxd5 11. Qxd5 Ra7 12. Be3 Be6 13. Qd2 Rb7 14. Nc3 Nd7 15.
a4 Nb6 16. Bxb6 Qxb6 17. axb5 axb5 18. Nd5 Bxd5 19. Qxd5 O-O 20. O-O h4 21. Kh2
Rc8 22. c3 b4 23. c4 b3 24. Kh1 Qb4 25. f4 Bf6 26. fxe5 Bxe5 27. c5 Rxc5 28.
Ra8+ Kh7 29. Qd1 g6 30. gxh4 Rc2 31. Qg4 Qd2 32. h5 Qh6 33. Re8 Rbc7 34. hxg6+
Qxg6 35. Qh4+ Qh6 36. Qg4 Qg6 37. Qh4+ Qh6 38. Qg4 Qg6 39. Qh4+ Qh6 40. Qg4 1/2-1/2

[Event "ch-RUS Blitz 2016"]
[Site "Sochi RUS"]
[Date "2016.10.04"]
[Round "6.4"]
[White "Rakhmanov, Aleksandr"]
[Black "Matinian, Nikita"]
[Result "1/2-1/2"]
[WhiteTitle "GM"]
[BlackTitle "IM"]
[WhiteElo "2662"]
[BlackElo "2495"]
[WhiteFideId "4173708"]
[BlackFideId "24129100"]
[EventDate "2016.10.04"]

1. d4 Nf6 2. Nf3 g6 3. c3 Bg7 4. Bg5 h6 5. Bxf6 Bxf6 6. e4 d6 7. Nbd2 O-O 8. Bc4
c6 9. Qe2 b5 10. Bb3 a5 11. e5 Bg7 12. a3 Na6 1/2-1/2

[Event "ch-RUS Blitz 2016"]
[Site "Sochi RUS"]
[Date "2016.10.04"]
[Round "6.5"]
[White "Zakhartsov, Vladimir"]
[Black "Paravyan, David"]
[Result "1-0"]
[WhiteTitle "IM"]
[BlackTitle "IM"]
[WhiteElo "2452"]
[BlackElo "2528"]
[WhiteFideId "4145097"]
[BlackFideId "4194985"]
[EventDate "2016.10.04"]

1. e4 e6 2. d4 d5 3. Nd2 c5 4. exd5 Qxd5 5. dxc5 Nf6 6. Ngf3 Qxc5 7. Bd3 Be7 8.
O-O O-O 9. b3 Rd8 10. Bb2 b6 11. Qe2 Bb7 12. Ne4 Nxe4 13. Bxe4 Nc6 14. Ne5 Nxe5
15. Bxb7 Rab8 16. Qxe5 Qxe5 17. Bxe5 Rxb7 18. Rfd1 Rbd7 19. Rxd7 Rxd7 20. Bf4 b5
21. Kf1 Bf6 22. Rc1 Kf8 23. Ke2 Ke8 24. c4 bxc4 25. Rxc4 Rd4 26. Rxd4 Bxd4 27.
Be3 Bxe3 28. Kxe3 Kd7 29. Kd4 Kc6 30. Kc4 g5 31. b4 f6 32. a4 Kb6 33. g4 Kc6 34.
b5+ Kb6 35. Kb4 f5 36. a5+ Kc7 37. h3 Kd6 38. Kc4 h6 39. f3 fxg4 40. hxg4 e5 41.
b6 axb6 42. axb6 Kc6 43. b7 Kxb7 44. Kd5 Kb6 45. Kxe5 Kc5 46. Kf5 Kd5 1-0

[Event "ch-RUS Blitz 2016"]
[Site "Sochi RUS"]
[Date "2016.10.04"]
[Round "6.6"]
[White "Timofeev, Artyom"]
[Black "Romanov, Evgeny"]
[Result "1-0"]
[WhiteTitle "GM"]
[BlackTitle "GM"]
[WhiteElo "2601"]
[BlackElo "2619"]
[WhiteFideId "4140419"]
[BlackFideId "4148843"]
[EventDate "2016.10.04"]

1. c4 Nf6 2. Nc3 e5 3. Nf3 Nc6 4. d3 g6 5. g3 Bg7 6. Bg2 O-O 7. O-O d6 8. Rb1
Be6 9. b4 Qc8 10. b5 Nd4 11. Ng5 Bg4 12. h3 Bd7 13. e3 Ne6 14. Nxe6 Bxe6 15. Kh2
Nd7 16. a4 f5 17. Nd5 Qd8 18. Ba3 Rb8 19. a5 Nf6 20. b6 axb6 21. axb6 c6 22. Nc7
Bf7 23. Qc2 Ne8 24. Nxe8 Rxe8 25. Bb2 h5 26. h4 g5 27. hxg5 Qxg5 28. f4 Qg6 29.
Qf2 Be6 30. c5 exf4 31. exf4 dxc5 32. Bxg7 Qxg7 33. Qxc5 Rbd8 34. Rbe1 Rxd3 35.
Rf3 Rd2 36. Rf2 Rxf2 37. Qxf2 Bd7 38. Rd1 Be6 39. Bf3 Bd5 40. Bxd5+ cxd5 41.
Rxd5 Qc3 42. Rxf5 Rd8 43. Re5 Rd1 44. Re2 Qc6 45. Qg2 Qxb6 46. Re5 Qd6 47. Re2
Qd5 48. Qxd5+ Rxd5 49. Re8+ Kf7 50. Rb8 b5 51. Kh3 Ke6 52. Kh4 Rc5 53. Rb6+ Kf7
54. Rh6 b4 55. Rb6 Rc4 56. Kxh5 Ke7 57. f5 Kd7 58. f6 Kc7 59. f7 1-0

[Event "ch-RUS Blitz 2016"]
[Site "Sochi RUS"]
[Date "2016.10.04"]
[Round "6.8"]
[White "Andreikin, Dmitry"]
[Black "Kryakvin, Dmitry"]
[Result "1-0"]
[WhiteTitle "GM"]
[BlackTitle "GM"]
[WhiteElo "2736"]
[BlackElo "2554"]
[WhiteFideId "4158814"]
[BlackFideId "4153278"]
[EventDate "2016.10.04"]

1. e4 c5 2. Nf3 d6 3. d4 cxd4 4. Qxd4 Nc6 5. Bb5 Bd7 6. Qd3 Nf6 7. O-O g6 8. c4
Bg7 9. Nc3 O-O 10. h3 Rc8 11. Be3 Nb4 12. Qe2 a6 13. Bxd7 Nxd7 14. Rac1 Qc7 15.
b3 Qb8 16. Nd5 Nxd5 17. exd5 Rfe8 18. Bd4 Nf6 19. Ba1 e5 20. dxe6 Rxe6 21. Qd3
Rce8 22. Rfe1 Rxe1+ 23. Rxe1 Rxe1+ 24. Nxe1 Qe8 25. Nc2 Qe4 26. Qd1 Ne8 27. Ne3
Bxa1 28. Qxa1 Qe5 29. Qd1 Nf6 30. Qf3 Qe7 31. g4 h6 32. Kg2 Kg7 33. Qf4 Qe5 34.
Qxe5 dxe5 35. c5 Ne4 36. b4 Nc3 37. a3 Kf6 38. Nc4 Ke6 39. Kf3 Nb5 40. Ke4 f5+
41. gxf5+ gxf5+ 42. Kd3 Kd5 43. Ne3+ Ke6 44. a4 e4+ 45. Kc4 Nc7 46. b5 axb5+ 47.
axb5 Ke5 48. b6 Na6 49. Kb5 Nb8 50. Nc4+ Kd4 51. Na5 f4 52. c6 bxc6+ 53. Nxc6+
Nxc6 54. Kxc6 e3 55. fxe3+ fxe3 56. b7 e2 57. b8=Q e1=Q 58. Qh8+ Qe5 59. Qxh6
Qd5+ 60. Kc7 Qa5+ 61. Kd7 Qf5+ 62. Qe6 Qb5+ 63. Ke7 Qh5 64. Qf6+ Ke4 65. h4 Qh7+
66. Ke6 Qg8+ 67. Kd6 Qb8+ 68. Ke7 Qc7+ 69. Kf8 Qc8+ 70. Kg7 Qc7+ 71. Kg6 Qg3+
72. Kh6 Qe3+ 73. Kh7 Qa7+ 74. Kg6 Qg1+ 75. Qg5 Qb6+ 76. Kh7 Qc7+ 77. Qg7 Qh2 78.
Qg6+ Kd4 79. h5 Kd5 80. h6 Qc7+ 81. Qg7 Qc2+ 82. Kh8 Qh2 83. Qf6 Qb8+ 84. Kg7
Qg3+ 85. Qg6 Qc3+ 86. Kg8 Qc8+ 87. Kh7 Qc7+ 88. Qg7 Qc2+ 89. Kh8 Kd6 90. Qf6+
Kd5 91. h7 Qc8+ 92. Kg7 Qg4+ 93. Qg6 Qd4+ 94. Kg8 1-0

[Event "ch-RUS Blitz 2016"]
[Site "Sochi RUS"]
[Date "2016.10.04"]
[Round "6.9"]
[White "Yuffa, Daniil"]
[Black "Savchenko, Boris"]
[Result "0-1"]
[WhiteTitle "IM"]
[BlackTitle "GM"]
[WhiteElo "2534"]
[BlackElo "2613"]
[WhiteFideId "24131423"]
[BlackFideId "4147332"]
[EventDate "2016.10.04"]

1. d4 Nf6 2. c4 e6 3. g3 d5 4. Nf3 dxc4 5. Bg2 Nc6 6. O-O Rb8 7. Nc3 b5 8. Ne5
Nxe5 9. dxe5 Nd5 10. Nxd5 exd5 11. Bxd5 Bc5 12. a4 a6 13. axb5 axb5 14. Bc6+ Bd7
15. Qd5 Bb6 16. e6 Bxc6 17. exf7+ Kf8 18. Qxc6 Qd6 19. Qf3 Qf6 20. Qe4 Kxf7 21.
Be3 Qe6 22. Qf3+ Kg6 23. Bxb6 Rhf8 24. Qa3 Qxb6 25. Rad1 Rf7 26. Rd5 h6 27. e3
Qe6 28. Rfd1 Kh7 29. Qb4 c6 30. Rd6 Qe4 31. R6d4 Qf3 32. R4d2 Re8 33. Qd6 Rf6
34. Qd4 Re4 35. Qd7 h5 36. Qh3 h4 37. Ra1 Rxe3 38. Qxh4+ Rh6 39. Qd4 Ree6 40.
Rf1 Rxh2 41. Kxh2 Rh6+ 42. Qh4 Rxh4+ 0-1

[Event "ch-RUS Blitz 2016"]
[Site "Sochi RUS"]
[Date "2016.10.04"]
[Round "6.10"]
[White "Sakaev, Konstantin"]
[Black "Moiseenko, Vadim"]
[Result "0-1"]
[WhiteTitle "GM"]
[BlackTitle "IM"]
[WhiteElo "2594"]
[BlackElo "2528"]
[WhiteFideId "4104226"]
[BlackFideId "4123700"]
[EventDate "2016.10.04"]

1. d4 Nf6 2. c4 b6 3. Nf3 Bb7 4. g3 e6 5. Bg2 d5 6. O-O dxc4 7. Qa4+ Nbd7 8.
Qxc4 a6 9. Rd1 b5 10. Qd3 c5 11. b3 cxd4 12. Nxd4 Bxg2 13. Kxg2 Qb6 14. Bg5 Be7
15. Bxf6 Bxf6 16. Nc3 Qb7+ 17. Qe4 Qxe4+ 18. Nxe4 Bxd4 19. Rxd4 Ke7 20. Nd6 Rhd8
21. Rad1 Ne5 22. R4d2 Nc6 23. Nb7 Rxd2 24. Rxd2 Ra7 25. Nc5 a5 26. e3 a4 27.
bxa4 bxa4 28. Kf3 Ra5 29. Nd3 a3 30. Rc2 Kd6 31. Ke2 e5 32. Rc3 f5 33. Rb3 e4
34. Ne1 Ne5 35. Rc3 Kd5 36. Nc2 Nc4 37. Nd4 g6 38. Rb3 Ne5 39. Rb7 h5 40. Kd2
Nd3 41. f4 Nc5 42. Rg7 Ra6 43. Kc3 Na4+ 44. Kb4 Nc5 45. Kb5 Rd6 46. Rc7 Nd3 47.
Rc3 0-1

[Event "ch-RUS Blitz 2016"]
[Site "Sochi RUS"]
[Date "2016.10.04"]
[Round "6.11"]
[White "Moskalenko, Alexander"]
[Black "Ivanov, Alexander Al."]
[Result "0-1"]
[WhiteTitle "IM"]
[BlackTitle "GM"]
[WhiteElo "2490"]
[BlackElo "2400"]
[WhiteFideId "4155351"]
[BlackFideId "4126360"]
[EventDate "2016.10.04"]

1. e4 d6 2. d4 e5 3. Nf3 Nc6 4. Bb5 Bd7 5. Bxc6 Bxc6 6. Nc3 f6 7. Be3 Ne7 8.
dxe5 dxe5 9. Qe2 Qd6 10. O-O a6 11. Rfd1 Qe6 12. Nd2 Ng6 13. Nb3 Bd6 14. Nd5 O-O
15. c4 Rfc8 16. h3 Bf8 17. Na5 Ne7 18. b4 b6 19. Nxc6 Nxc6 20. a3 a5 21. c5 bxc5
22. bxc5 Nd4 23. Bxd4 exd4 24. Rxd4 Bxc5 25. Qc4 Bxd4 26. Qxd4 c6 27. Nb6 c5 28.
Qd5 Qxd5 29. exd5 Rab8 30. Nxc8 Rxc8 31. Kf1 c4 32. Ke2 Rc5 33. d6 Kf7 34. d7
Ke7 35. Rd1 Kd8 36. Rd4 c3 37. Kd1 c2+ 38. Kc1 Rc3 39. a4 Rc5 40. h4 h5 41. g3
g5 42. hxg5 fxg5 43. Rd6 Rf5 44. Rd2 h4 45. gxh4 gxh4 46. Rd4 Rh5 47. Kxc2 h3
48. Rd1 Rf5 49. Rf1 h2 50. Kd3 Rxf2 51. Rh1 Kxd7 52. Kc4 Kc6 53. Kd4 Rf4+ 54.
Ke3 Rh4 55. Kf2 Kc5 56. Kg3 Rh7 57. Kg2 Kb4 58. Rb1+ Kxa4 59. Kh1 Rh3 60. Rb8
Ka3 61. Rb7 a4 62. Rb8 Ka2 63. Rb7 a3 64. Rb8 Rb3 65. Rf8 Rb2 66. Rf3 Rb3 67.
Rf2+ Kb1 68. Rf1+ Kb2 69. Rf2+ Kc3 70. Rf3+ Kb4 71. Rf4+ Kc3 72. Rf3+ Kc2 73.
Rf2+ Kd1 74. Ra2 Kc1 75. Rf2 Rb2 76. Rf1+ Kc2 77. Rf2+ Kb3 78. Rf3+ Kb4 79. Rxa3
Rb1+ 0-1

[Event "ch-RUS Blitz 2016"]
[Site "Sochi RUS"]
[Date "2016.10.04"]
[Round "6.12"]
[White "Saveljev, Vladislav"]
[Black "Artemiev, Vladislav"]
[Result "0-1"]
[WhiteTitle "FM"]
[BlackTitle "GM"]
[WhiteElo "2360"]
[BlackElo "2663"]
[WhiteFideId "4128494"]
[BlackFideId "24101605"]
[EventDate "2016.10.04"]

1. Nf3 d5 2. g3 Nf6 3. Bg2 Bg4 4. c4 c6 5. Ne5 Be6 6. cxd5 Bxd5 7. Nf3 g6 8. Nc3
Be6 9. O-O Bg7 10. d4 O-O 11. e4 Nbd7 12. h3 Bc4 13. Re1 Ne8 14. Bg5 h6 15. Be3
Kh7 16. Qc2 Nd6 17. Rad1 Qa5 18. Nd2 Ba6 19. Nb3 Qd8 20. h4 h5 21. Bg5 Nb5 22.
e5 Nxc3 23. bxc3 Bc4 24. Nd2 Be6 25. c4 Qe8 26. Qc1 Bf5 27. Qa3 e6 28. Ne4 Bxe4
29. Bxe4 Bh6 30. Be7 Rg8 31. Bd6 Bf8 32. Qf3 Kg7 33. d5 cxd5 34. cxd5 Bxd6 35.
exd6 e5 36. Rc1 f5 37. Bb1 Qf8 38. Qa3 Qf6 39. Rc7 Rgd8 40. Bc2 Kh8 41. Ba4 Nb6
42. d7 Qf8 43. d6 Nxa4 44. Qxa4 Qxd6 45. Rxb7 Rab8 46. Rxb8 Qxb8 47. Rd1 Kg7 48.
Qa5 Kf7 49. Rd5 e4 50. Rd1 Qb6 51. Qe5 Qe6 52. Qc7 Qb6 53. Qc4+ Qe6 54. Qa4 a6
55. Kh2 e3 56. fxe3 Qxe3 57. Qc4+ Qe6 58. Rd5 Kg7 59. Qd4+ Kf7 60. Qd2 Kg7 61.
Rd6 Qe7 62. Qd4+ Kf7 63. Kh3 Qe2 64. Qf6+ 0-1

[Event "ch-RUS Blitz 2016"]
[Site "Sochi RUS"]
[Date "2016.10.04"]
[Round "6.13"]
[White "Vitiugov, Nikita"]
[Black "Bryzgalin, Kirill"]
[Result "0-1"]
[WhiteTitle "GM"]
[BlackTitle "GM"]
[WhiteElo "2721"]
[BlackElo "2424"]
[WhiteFideId "4152956"]
[BlackFideId "4133285"]
[EventDate "2016.10.04"]

1. d4 d5 2. c4 c6 3. Nf3 Nf6 4. Nc3 a6 5. e3 Bf5 6. Bd2 e6 7. Qb3 Ra7 8. Nh4 Be4
9. cxd5 exd5 10. f3 Bg6 11. Nxg6 hxg6 12. O-O-O Be7 13. e4 dxe4 14. fxe4 b5 15.
e5 Nd5 16. Be2 Rh4 17. Be1 Rh6 18. Bf3 Rd7 19. Bf2 g5 20. Ne4 a5 21. Kb1 a4 22.
Qc2 Na6 23. Bg4 Rc7 24. Qe2 a3 25. Be1 Ra7 26. Rf1 axb2 27. Qf3 Bb4 28. e6 f6
29. Bg3 Be7 30. h4 gxh4 31. Bf4 Nxf4 32. Qxf4 Nb4 33. Nc3 Qd6 34. Qxd6 Bxd6 35.
Kxb2 Ke7 36. a3 Nd5 37. Nxd5+ cxd5 38. Rf3 Rg6 39. Bh3 Rg3 40. Rxg3 hxg3 41. Rd3
g6 42. Rb3 f5 43. Rxb5 Bxa3+ 44. Kb3 Kxe6 45. Rb8 Be7 46. Rg8 Kf6 47. Rb8 Rc7
48. Rb6+ Kg5 49. Rb5 Rd7 50. Kc3 Bf6 51. Kd3 Kf4 52. Ra5 Rd6 53. Rb5 g5 54. Rb1
g4 0-1

[Event "ch-RUS Blitz 2016"]
[Site "Sochi RUS"]
[Date "2016.10.04"]
[Round "6.14"]
[White "Riazantsev, Alexander"]
[Black "Levin, Evgeny A."]
[Result "1-0"]
[WhiteTitle "GM"]
[BlackTitle "GM"]
[WhiteElo "2651"]
[BlackElo "2505"]
[WhiteFideId "4125029"]
[BlackFideId "4182596"]
[EventDate "2016.10.04"]

1. d4 Nf6 2. c4 e6 3. Nf3 b6 4. a3 c5 5. d5 exd5 6. cxd5 g6 7. Nc3 Bg7 8. Bf4
O-O 9. e3 d6 10. h3 Ba6 11. Bd3 Re8 12. O-O Bxd3 13. Qxd3 a6 14. a4 Qc7 15. Nd2
Nfd7 16. Bh2 Ne5 17. Qc2 f5 18. Ne2 Nbd7 19. Nf4 Nf8 20. Rab1 b5 21. b3 Qb7 22.
Rfd1 Qf7 23. Nf1 Rec8 24. e4 c4 25. Ne3 fxe4 26. bxc4 Nxc4 27. Qxe4 Re8 28. Qd3
Nb2 29. Rxb2 Bxb2 30. axb5 axb5 31. Qxb5 Be5 32. Qc4 Rac8 33. Qa4 Ra8 34. Qc4
Rac8 35. Qa4 Nd7 36. Ng4 Bg7 37. Ne6 Nc5 38. Nxc5 Rxc5 39. Bxd6 Rxd5 40. Qxe8+
Qxe8 41. Rxd5 Qe6 42. Rd1 h5 43. Ne3 Be5 44. Bxe5 Qxe5 45. h4 Qf4 46. g3 Qe4 47.
Rd5 Kf7 48. Rd7+ Ke6 49. Rd1 Qa4 50. Re1 Kf7 51. Ng2 Qb4 52. Rf1 Qc4 53. Rd1 Qb3
54. Ne3 Qa4 55. Kg2 Qe4+ 56. Kg1 Qa4 57. Rc1 Qa3 58. Rc4 Qa1+ 59. Kg2 Qa8+ 60.
Kh2 Qa2 61. Rf4+ Kg7 62. Kg2 Qa8+ 63. Kg1 Qa1+ 64. Kh2 Qa2 65. Nf1 Qe2 66. Kg2
Qe6 67. Nh2 Qd5+ 68. Nf3 Qc6 69. Kh2 Qd5 70. Ng5 Kg8 71. Rf6 Kg7 72. Rf7+ Kg8
73. Rf6 Kg7 74. Rf4 Qa2 75. Kg2 Qd5+ 76. Kg1 Qd1+ 77. Kh2 Qd5 78. Nf3 Kg8 79.
Nd4 Kg7 80. Nc2 Qd2 81. Ne3 Qa2 82. Nf1 Qe2 83. Kg2 Qa2 84. Nh2 Qa8+ 85. Nf3 Qd5
86. Kh2 Qa2 87. Ng5 Qd5 88. Rb4 Qc6 89. Rd4 Qb5 90. Ne6+ Kf7 91. Ng5+ Kg7 92.
Re4 Qd7 93. Re3 Qf5 94. Re7+ Kg8 95. Rf7 Qd5 96. Rf4 Kg7 97. Rd4 Qf5 98. Kg2 Kg8
99. Rd6 Kg7 100. Nf3 Qe4 101. Rd4 Qc6 102. Rb4 Qd5 103. Rb6 Kh6 104. Rf6 Kg7
105. Rf4 Kh6 106. Rd4 Qc6 107. Rf4 Qd5 108. Kh2 Kg7 109. Ng1 Qe5 110. Nh3 Qd5
111. Ra4 Qc5 112. Ra6 Qd4 113. Rc6 Qd5 114. Rxg6+ Kh7 115. Rg5 Qf3 116. Re5 Kh6
117. Kg1 Qd1+ 118. Kg2 Qd6 119. Rg5 Qc6+ 120. Kg1 Qc1+ 121. Kh2 Qd2 122. Rf5 Kg6
123. Rg5+ Kh6 124. Kg2 Qc2 125. Nf4 Qc6+ 126. Kg1 Qc1+ 127. Kh2 Qf1 128. Rxh5+
Kg7 129. Rg5+ Kh6 130. Nh3 Qe2 131. Rf5 Qc2 132. Rf4 Qe2 133. Ng5 Kg6 134. Kg2
Qa2 135. Nf3 Qd5 136. g4 Qd6 137. Rf5 Qb4 138. h5+ Kh6 139. Ne5 Qe4+ 140. Kg3
Qd4 141. Rf6+ Kg7 142. Rf7+ Kg8 143. Rf5 Qc3+ 144. Kh4 Qd4 145. h6 Qd8+ 146. Kh5
Qe8+ 147. Ng6 Kh7 148. Rf6 Qb5+ 149. g5 Qe2+ 150. Kh4 Qe4+ 151. Nf4 Qh1+ 152.
Kg4 Qg1+ 153. Kf5 Qb1+ 154. Kg4 Qg1+ 155. Kh5 Qh2+ 156. Kg4 Qg1+ 157. Kf5 Qb1+
158. Ke5 Qb2+ 159. Ke4 Qb1+ 160. Kf3 Qh1+ 161. Ke3 Qc1+ 162. Ke2 Qc2+ 163. Kf3
Qd1+ 164. Kg3 Qg1+ 165. Ng2 Qc1 166. f4 Qc3+ 167. Kg4 Qd2 168. Nh4 Qe2+ 169. Kg3
Qe1+ 170. Kh3 Qh1+ 171. Kg4 Qd1+ 172. Nf3 Qe2 173. Kg3 Qd3 174. Re6 Qd5 175.
Re7+ Kh8 176. Re8+ Kh7 177. Re5 Qd1 178. Re7+ Kh8 179. g6 Qd8 180. Rf7 Qg8 181.
Rf8 1-0

[Event "ch-RUS Blitz 2016"]
[Site "Sochi RUS"]
[Date "2016.10.04"]
[Round "6.15"]
[White "Grachev, Boris"]
[Black "Lugovskoy, Maxim"]
[Result "1-0"]
[WhiteTitle "GM"]
[BlackTitle "IM"]
[WhiteElo "2628"]
[BlackElo "2436"]
[WhiteFideId "4129199"]
[BlackFideId "24126454"]
[EventDate "2016.10.04"]

1. d4 d5 2. Bf4 Nf6 3. e3 c5 4. c3 Nc6 5. Nd2 g6 6. Ngf3 Bg7 7. h3 O-O 8. Be2 b6
9. O-O Bb7 10. Ne5 Nxe5 11. Bxe5 Qd7 12. a4 a5 13. Bb5 Bc6 14. Bxc6 Qxc6 15. Nb1
Nd7 16. Bxg7 Kxg7 17. Na3 e5 18. Nb5 Rad8 19. Qb3 Rfe8 20. Rad1 exd4 21. exd4 c4
22. Qc2 Nf6 23. Rfe1 Re6 24. Re5 Nd7 25. Rxe6 Qxe6 26. Qd2 Nf6 27. Re1 Qd7 28.
Qf4 Re8 29. Re5 Re6 30. f3 Nh5 31. Qe3 Nf6 32. g4 Qe7 33. Rxe6 Qxe6 34. Kf2 Nd7
35. Nc7 Qc6 36. Nb5 Qe6 37. Qf4 Qe7 38. Nc7 Qh4+ 39. Qg3 Qg5 40. f4 Qe7 41. Qe3
Qd6 42. Ne8+ 1-0

[Event "ch-RUS Blitz 2016"]
[Site "Sochi RUS"]
[Date "2016.10.04"]
[Round "6.16"]
[White "Matlakov, Maxim"]
[Black "Antonenko, Vladimir"]
[Result "1-0"]
[WhiteTitle "GM"]
[BlackTitle "FM"]
[WhiteElo "2691"]
[BlackElo "2311"]
[WhiteFideId "4168003"]
[BlackFideId "24159409"]
[EventDate "2016.10.04"]

1. e4 c5 2. Nf3 d6 3. d4 cxd4 4. Nxd4 Nf6 5. Nc3 a6 6. Be2 e6 7. f4 Be7 8. O-O
O-O 9. Be3 Nc6 10. Kh1 Bd7 11. Qe1 b5 12. a3 Qb8 13. Qg3 b4 14. axb4 Qxb4 15.
Nb3 Nxe4 16. Nxe4 Qxe4 17. Bd3 Qd5 18. Qh3 g6 19. Rad1 Qh5 20. Qg3 Nb4 21. Be4
Bc6 22. Bxc6 Nxc6 23. Nd4 Rac8 24. c3 Bf6 25. Nf3 Ne7 26. Rxd6 Nf5 1-0

[Event "ch-RUS Blitz 2016"]
[Site "Sochi RUS"]
[Date "2016.10.04"]
[Round "6.17"]
[White "Bocharov, Dmitry"]
[Black "Afanasiev, Nikita"]
[Result "1-0"]
[WhiteTitle "GM"]
[BlackTitle "FM"]
[WhiteElo "2611"]
[BlackElo "2280"]
[WhiteFideId "4138716"]
[BlackFideId "24183555"]
[EventDate "2016.10.04"]

1. d4 d6 2. Nf3 Bg4 3. g3 Nd7 4. Bg2 c6 5. O-O Ngf6 6. c4 e5 7. Nc3 Be7 8. h3
Bh5 9. Nh4 Bg6 10. d5 Rc8 11. dxc6 bxc6 12. b4 O-O 13. Qb3 Qc7 14. Nxg6 hxg6 15.
Bd2 Rb8 16. a3 Nc5 17. Qc2 Ne6 18. Rfc1 Rfd8 19. Qa4 Rdc8 20. Rab1 Nd7 21. Qd1
Nb6 22. Nd5 Qd7 23. Nxe7+ Qxe7 24. Be3 c5 25. b5 Nd4 26. Bd2 Qe6 27. e3 Nf5 28.
Qc2 Ne7 29. a4 d5 30. cxd5 Nbxd5 31. Qc4 Qd7 32. Be1 Nf6 33. a5 Ne8 34. Rd1 Qc7
35. Bc3 Nd6 36. Qd3 Rd8 37. Bxe5 Qxa5 38. Bxd6 Nf5 39. Bxb8 Rxd3 40. Rxd3 c4 41.
Rdd1 c3 42. Rdc1 Qa2 43. Be5 c2 44. Rb2 Qe6 45. Bf4 Ne7 46. Rbxc2 Kh7 47. h4 Nf5
48. Rc6 Qb3 49. Rc7 f6 50. Rxa7 Qxb5 51. Be4 Qb6 52. Rcc7 Qe6 53. Bxf5 Qxf5 54.
Rxg7+ Kh8 55. Rh7+ 1-0

[Event "ch-RUS Blitz 2016"]
[Site "Sochi RUS"]
[Date "2016.10.04"]
[Round "6.18"]
[White "Smagin, Sergey"]
[Black "Pridorozhni, Aleksei"]
[Result "1/2-1/2"]
[WhiteTitle "GM"]
[BlackTitle "GM"]
[WhiteElo "2551"]
[BlackElo "2579"]
[WhiteFideId "4100425"]
[BlackFideId "4127870"]
[EventDate "2016.10.04"]

1. e4 e6 2. d4 d5 3. Nd2 dxe4 4. Nxe4 Bd7 5. Nf3 Bc6 6. Bd3 Nd7 7. O-O Ngf6 8.
Nxf6+ Nxf6 9. c3 Bd6 10. Re1 O-O 11. h3 h6 12. Qe2 Re8 13. Ne5 Bxe5 14. Qxe5 Qd5
15. Qxd5 Nxd5 16. a3 b5 17. Bd2 a6 18. f3 Nb6 19. Rad1 Bd5 20. Kf2 Rac8 21. Bf4
Na4 22. Rd2 c5 23. dxc5 Nxc5 24. Bb1 f6 25. Be3 Nb3 26. Rdd1 Na5 27. g4 Kf7 28.
h4 Nc4 29. Bc1 Ne5 30. Re3 Red8 31. Rde1 h5 32. g5 Ng6 33. gxf6 gxf6 34. Rg1 Rg8
35. Rxg6 Rxg6 36. Bxg6+ Kxg6 37. Re1 Rc4 38. Kg3 e5 39. Rd1 Bc6 40. Rd6 Kf7 41.
Be3 Ke7 42. Rd2 a5 43. Bb6 a4 44. Be3 f5 45. Bg5+ Ke6 46. Rd8 f4+ 47. Kf2 Rc5
48. Rh8 Rd5 49. Ke2 Rd7 50. Rxh5 Rf7 51. Rh6+ Kd7 52. Rf6 Rxf6 53. Bxf6 Ke6 54.
Bd8 Be8 55. Bc7 Bh5 56. Kf2 Kf5 57. Bb8 1/2-1/2

[Event "ch-RUS Blitz 2016"]
[Site "Sochi RUS"]
[Date "2016.10.04"]
[Round "6.19"]
[White "Bologan, Victor"]
[Black "Jary, Sergey"]
[Result "1-0"]
[WhiteTitle "GM"]
[WhiteElo "2640"]
[BlackElo "2297"]
[WhiteFideId "13900048"]
[BlackFideId "14110350"]
[EventDate "2016.10.04"]

1. e4 c6 2. d4 d5 3. e5 g6 4. Nf3 Na6 5. Bxa6 Qa5+ 6. Nc3 Qxa6 7. h3 h5 8. Be3
Nh6 9. Qd2 Nf5 10. Bf4 b5 11. O-O Qb6 12. Nd1 a5 13. Ne3 e6 14. Nxf5 exf5 15.
Bg5 Be6 16. c3 a4 17. b3 Kd7 18. b4 Kc8 19. Ne1 Kb7 20. Nd3 Qc7 21. Bf6 Bh6 22.
Qe2 Rhg8 23. h4 Ka7 24. f3 Bf8 25. Qe3 Qd7 26. Kf2 Qe8 27. Ke2 Be7 28. Bxe7 Qxe7
29. Qg5 Qd7 30. Nc5 Qe8 31. Rf2 Kb6 32. Raf1 Bc8 33. Kd2 Ra7 34. Qf6 Qe7 35.
Qxe7 Rxe7 36. Ke3 Kc7 37. Kf4 Kd8 38. Kg5 Ke8 39. g3 Kf8 40. Kf4 Kg7 41. Kg5 Rh8
42. Nd3 Rf8 43. Nf4 Rh8 44. Nh3 Rhe8 45. Kf4 f6 46. Re1 fxe5+ 47. Rxe5 Rxe5 48.
dxe5 Bd7 49. Ng5 Rc8 50. Rd2 Be8 51. Ne6+ Kf7 52. Nc5 Ke7 53. Kg5 Rb8 54. a3 Rc8
55. Rf2 Bf7 56. Re2 Rg8 57. Kf4 Be6 58. Ke3 Rg7 59. Nd3 Rg8 60. Nf4 Bf7 61. Kd4
Rc8 62. Kc5 Rg8 63. Re3 g5 64. hxg5 Rxg5 65. Ne2 h4 66. gxh4 Rg2 67. Kxc6 Be8+
68. Kxd5 Rh2 69. Nd4 f4 70. Re4 Ra2 71. Nf5+ Kd8 72. Rxf4 Rxa3 73. Nd6 Bh5 74.
Rf5 Bg6 75. Rf8+ Ke7 76. Rc8 Ra1 77. Rc7+ Kf8 78. e6 a3 79. e7+ Kg8 80. Rc8+ Kh7
81. e8=Q Rd1+ 82. Kc5 Bxe8 83. Rxe8 a2 84. Ra8 a1=Q 85. Rxa1 Rxa1 86. Nxb5 Rh1
87. c4 Kg7 88. Nd6 Rxh4 89. b5 Kf6 90. b6 Rh8 91. b7 Rb8 92. Kc6 Ke6 93. Kc7 1-0